| 000 | 00484nam a2200157 a 4500 | ||
|---|---|---|---|
| 001 | 000043806 | ||
| 005 | 20240228084930.0 | ||
| 008 | 140502s2014 dr 001 0 spa d | ||
| 020 | _a9789945893106 | ||
| 040 |
_aDO-SdBNP _bspa _cBNPHU |
||
| 100 | 1 |
_aLappot Robles, Teófilo, _d1957- _974151 |
|
| 245 | 1 | 0 |
_aDe Santo Domingo a Isla Tortola. / _cTeófilo Lappot Robles. |
| 260 |
_aSanto Domingo, : _bOriente, _c2014. |
||
| 300 |
_a104 p. ; _c24 cm. |
||
| 500 | _aIncluye índice onomástico | ||
| 999 |
_c43295 _d43295 |
||